<?xml version="1.0" encoding="UTF-8"?>
<record
    xmlns:xsi="http://www.w3.org/2001/XMLSchema-instance"
    xsi:schemaLocation="http://www.loc.gov/MARC21/slim http://www.loc.gov/standards/marcxml/schema/MARC21slim.xsd"
    xmlns="http://www.loc.gov/MARC21/slim">

  <leader>00403nam a2200109Ia 4500</leader>
  <datafield tag="999" ind1=" " ind2=" ">
    <subfield code="c">4306</subfield>
    <subfield code="d">4306</subfield>
  </datafield>
  <controlfield tag="003">yeezen</controlfield>
  <controlfield tag="005">20201026153452.0</controlfield>
  <controlfield tag="008">180213s9999||||xx |||||||||||||| ||und||</controlfield>
  <datafield tag="020" ind1=" " ind2=" ">
    <subfield code="c">NT261</subfield>
    <subfield code="a">978-986-92935-9-4</subfield>
  </datafield>
  <datafield tag="100" ind1=" " ind2=" ">
    <subfield code="a">&#x90ED;&#x6B23;&#x6021;</subfield>
  </datafield>
  <datafield tag="245" ind1=" " ind2="0">
    <subfield code="c">&#x90ED;&#x6B23;&#x6021;</subfield>
    <subfield code="a">&#x6539;&#x8B8A;&#x5DE5;&#x4F5C;&#x9806;&#x5E8F;&#xFF0C;&#x6BCF;&#x5929;&#x4E0A;&#x73ED;&#x53EA;&#x9700;4&#x5C0F;&#x6642;&#xFF1A;&#x8166;&#x529B;&#x958B;&#x767C;&#x91AB;&#x5B78;&#x535A;&#x58EB;&#xFF0C;&#x6559;&#x4F60;&#x300C;&#x9AD8;&#x6548;&#x601D;&#x8003;&#x8FF4;&#x8DEF;&#x300D;&#xFF0C;&#x6548;&#x7387;&#x63D0;&#x5347;64&#x500D;&#xFF0C;&#x4E0D;&#x518D;&#x52A0;&#x73ED;&#x7D2F;&#x5230;&#x6B7B;</subfield>
  </datafield>
  <datafield tag="250" ind1=" " ind2=" ">
    <subfield code="a">&#x521D;&#x7248;</subfield>
  </datafield>
  <datafield tag="260" ind1=" " ind2=" ">
    <subfield code="c">2016</subfield>
    <subfield code="a">&#x53F0;&#x5317;&#x5E02;</subfield>
  </datafield>
  <datafield tag="942" ind1=" " ind2=" ">
    <subfield code="2">ccl</subfield>
    <subfield code="c">BOOK</subfield>
  </datafield>
  <datafield tag="952" ind1=" " ind2=" ">
    <subfield code="0">0</subfield>
    <subfield code="1">0</subfield>
    <subfield code="4">0</subfield>
    <subfield code="7">0</subfield>
    <subfield code="a">yeezen</subfield>
    <subfield code="b">yeezen</subfield>
    <subfield code="d">2018-02-13</subfield>
    <subfield code="l">8</subfield>
    <subfield code="m">5</subfield>
    <subfield code="o">494.35</subfield>
    <subfield code="p">C02390</subfield>
    <subfield code="r">2025-07-01 00:00:00</subfield>
    <subfield code="s">2025-06-13</subfield>
    <subfield code="w">2018-02-13</subfield>
    <subfield code="y">BOOK</subfield>
  </datafield>
</record>
